000 00637nam a2200205Ia 4500
003 GCL
008 140319s9999 xx 000 0 ara d
040 _aGCL /
_cGCL
082 0 4 _a709.2
_bش ف
100 1 _aشوكت الربيعى
245 1 0 _aالفن التشكيلى المعاصر فى الوطن العربى 1985-1885 /
_cشوكت الربيعى
260 _a[S.N] :
_bهيئة الموسوعة الفلسطينية
300 _a278 ص
490 _a
650 0 4 _aالفن
650 0 4 _aالفنون التشكيلية
650 0 4 _aالفن الحديث
650 0 4 _aالفنانون العرب
942 _2ddc
_cBK
999 _c32606
_d32606